000 01214nam0a22002411 4500
001 rc\310305
005 20030307122022.5
010 _a5-217-00741-9
_92500
035 _a(NLR Aleph) 005545249
090 _a5752772
_c5752771
100 _a20030307d1990 u |0rusy50 ca
101 0 _arus
102 _aRU
105 _aa |||||||||
200 1 _aУстройство ЧПУ "Электроника НЦ-31" и его техническое обслуживание
_e[Учеб. пособие для заоч. курсов повышения квалификации ИТР по техн. обслуж., ремонту и модернизации оборуд. в условиях перевооружения и интенсификации машиностроит. пр-ва]
_fЦентр. правл. Всесоюз. НТО машиностроителей, Ун-т техн. прогресса в машиностроении
210 _aМ.
_cМашиностроение
_d1990
215 _a79 с.
_cил.
_d20
700 1 _aОблов
_bВ. К.
_gВиталий Константинович
801 0 _aRU
_bNLR
_gpsbo
801 1 _aRU
_bELAR
_2rusmarc
852 _aNLR
_j90-4/6769
942 _cBOOK
980 _aNB